[Event "NOR-chT 2018"]
[Site "Bergen"]
[Date "2018.05.11"]
[Round "2"]
[White "Hammer, Jon Ludvig"]
[Black "Ranaldi, Lucas"]
[Result "1-0"]
[WhiteElo "2631"]
[BlackElo "2251"]
[Annotator "TA"]
[PlyCount "85"]
[EventDate "2018.??.??"]
[EventCountry "NOR"]
[SourceTitle "playchess.com"]
[Source "ChessBase"]
[SourceQuality "1"]

{[%evp 15,85,7,17,-44,20,13,38,25,43,40,49,50,52,43,55,41,47,37,50,34,54,52,57,56,56,56,64,62,147,136,135,124,139,133,131,107,118,113,135,135,125,92,99,75,120,117,115,106,108,79,217,198,216,199,411,396,540,492,525,517,534,531,525,505,728,726,255,1002,984,972,1109,1068]} 1. c4 c5 2. g3 Nc6 3. Bg2 g6 4. e3 Bg7 5. Ne2 e5 6. Nbc3 Nge7 7. O-O O-O 8. a3 a5 {LiveBook: 42 Games. A36: Symmetrical English vs ...g6: 4 Bg2 Bg7} 9. Nb5 ({White should try} 9. d3 $11) (9. d3 d6 10. Rb1 Rb8 11. Nd5 Nxd5 12. cxd5 Ne7 13. b4 cxb4 14. axb4 b5 15. bxa5 Qxa5 16. Bd2 b4 17. Qb3 Bg4 18. Nc1 Rb6 19. Na2 Be2 {1-0 (57) Nakamura,H (2779)-Dominguez Perez,L (2739) Doha 2016}) 9... d6 (9... d5 $15) 10. Nec3 $11 Be6 {The position is equal.} 11. Nd5 $146 ({Predecessor:} 11. b3 Rb8 12. Bb2 Qd7 13. Ne4 Nc8 14. h4 Bf5 15. d3 h6 16. Kh2 {0-1 (44) Schuler,G-Tessmer,H Bad Woerishofen 1991}) 11... Bxd5 12. cxd5 Na7 13. Nc3 {[%cal Bb5c3,Bc3b1,Bb1d2,Bd2f3][%mdl 32]} b5 14. d3 Qb6 15. a4 b4 16. Nb1 Qc7 17. h4 Nac8 18. h5 Nb6 19. e4 f5 20. hxg6 hxg6 21. Nd2 Bh6 (21... Bf6 $14) 22. Nf3 $16 Bxc1 23. Qxc1 Rf6 24. Qh6 Nec8 25. Ng5 Qg7 {[#]} 26. Qh4 $1 Ne7 27. f4 Nd7 28. Bh3 Qh8 29. Qxh8+ Kxh8 30. Kf2 Kg7 31. Rh1 Rh8 32. Ke3 Rh6 {[#]} (32... Nb6 $16 {was necessary.}) 33. Bg2 $1 $18 Rxh1 34. Rxh1 ({But not} 34. Bxh1 $6 exf4+ 35. gxf4 Kg8 $16) 34... exf4+ $2 (34... Nf8 {keeps fighting.} 35. Bf3 Ng8) 35. gxf4 {[%cal Bg3f4,Bf4e5][%mdl 32]} Nf8 36. e5 dxe5 37. fxe5 f4+ 38. Ke4 Rf5 39. Nf3 Nh7 {If only Black now had time for ...Nc8....} 40. Rc1 Ng5+ 41. Nxg5 Rxg5 42. Bf3 Nf5 43. Kxf4 {Precision: White = 67%, Black = 38%.} 1-0

[Event "NOR-chT 2018"]
[Site "Bergen"]
[Date "2018.05.11"]
[Round "2"]
[White "Gausel, Einar J"]
[Black "Holleland, Sigve"]
[Result "1-0"]
[WhiteElo "2453"]
[BlackElo "2008"]
[Annotator "TA"]
[PlyCount "63"]
[EventDate "2018.??.??"]
[EventCountry "NOR"]
[SourceTitle "playchess.com"]
[Source "ChessBase"]
[SourceQuality "1"]

{[%evp 20,63,9,10,16,15,19,0,7,0,0,0,-12,0,0,0,0,0,17,0,14,0,53,16,28,18,37,37,76,70,211,134,529,529,1283,1280,1237,1228,1248,1242,1158,1246,1187,1179,1211,975]} 1. d4 Nf6 2. Nf3 e6 3. c4 b6 4. e3 {[%cal Be2e3,Be3e4][%mdl 32]} Bb7 5. Bd3 Be7 6. O-O O-O 7. Nc3 d5 8. cxd5 Nxd5 9. e4 Nxc3 10. bxc3 c5 11. Bb2 {LiveBook: 3 Games. E14: Queen's Indian: Classical Variation (4 e3)} (11. Re1 cxd4 12. cxd4 Nc6 13. Bb2 Nb4 14. Bc4 Rc8 15. Rc1 Nc6 16. Qe2 Na5 17. Bd3 Qd6 18. d5 Rxc1 19. Rxc1 exd5 {½-½ (44) Potkin,V (2574)-Popov,I (2599) Sochi 2017}) 11... Nd7 12. Qe2 Rc8 13. Rfd1 $146 {The position is equal.} ({Predecessor:} 13. Rad1 c4 14. Bxc4 Bxe4 {1-0 (37) Nikcevic,N (2440)-Marjanov,Z (2260) Banja Vrucica 1991}) 13... Qc7 14. a4 Rfd8 15. Qe3 h6 16. h3 Nf6 17. Re1 {[%cal Bd1e1,Be1e2,Be2f2][%mdl 32]} Qc6 18. Ne5 Qe8 19. Re2 Bd6 20. f4 Nh5 (20... cxd4 $11 21. cxd4 Bb4) 21. g3 Bb8 22. Rf2 $36 {[%mdl 2048] White is pushing.} f6 23. Ng4 Qc6 24. Kh2 Kf7 (24... Kh8 $14) 25. Qf3 {And now Nxh6+! would win.} g6 $2 {[%mdl 8192] [#]} (25... Qe8 $16 {is tougher.}) 26. Ne5+ $1 $18 {[%mdl 512] White is clearly winning.} fxe5 27. fxe5+ Kg8 28. Qf7+ Kh8 29. Qxg6 {Rf7 would kill now.} Qe8 30. Rf7 Qxf7 31. Qxf7 Ng7 32. Qxb7 {Precision: White = 40%, Black = 31%.} 1-0

[Event "NOR-chT 2018"]
[Site "Bergen"]
[Date "2018.05.11"]
[Round "2"]
[White "Ostenstad, Berge"]
[Black "Urkedal, Frode Olav Olsen"]
[Result "0-1"]
[WhiteElo "2442"]
[BlackElo "2548"]
[Annotator "TA"]
[PlyCount "66"]
[EventDate "2018.??.??"]
[EventCountry "NOR"]
[SourceTitle "playchess.com"]
[Source "ChessBase"]
[SourceQuality "1"]

{[%evp 16,66,12,0,0,0,0,0,0,0,22,-24,-8,-25,16,18,25,9,3,31,37,-16,0,-34,-30,-43,-41,-39,-47,-59,-50,-185,-176,-179,-198,-202,-185,-486,-410,-450,-133,-140,-133,-144,-136,-134,-80,-142,-80,-464,-266,-1297,-1288]} 1. d4 Nf6 2. c4 e6 3. Nc3 Bb4 4. Qc2 b6 5. e4 c5 6. dxc5 {E32: Nimzo-Indian: Classical (4 Qc2): 4...0-0} (6. d5 exd5 7. exd5 Qe7+ 8. Nge2 O-O 9. Bd2 d6 10. O-O-O Ng4 11. Be1 Nd7 12. Ng3 Ndf6 13. h3 Ne5 {1-0 (35) Zhou,J (2597)-Wei,Y (2743) Shenzhen 2017}) 6... Bb7 7. Bd3 Bxc5 8. Nf3 Nc6 9. a3 {LiveBook: 4 Games} Ng4 10. O-O Qb8 11. Ne2 Nce5 12. Nxe5 $1 Nxe5 (12... Qxe5 $5 13. Bf4 $8 Qf6 $11) 13. b4 $146 ({Predecessor:} 13. Bf4 Bd6 14. Bg3 O-O 15. Rad1 Rd8 {0-1 (56) Lazo,X (2113)-Roumegous,M (2139) Archamps 2013}) 13... Be7 ({Much weaker is} 13... Ng4 $6 14. g3 $14 (14. Bf4 Bd6 $11)) 14. Bf4 g5 15. Bg3 h5 {[%cal Bh7h5,Bh5h4][%mdl 32]} 16. h3 $1 h4 17. Bh2 Rg8 18. Rab1 ({Better is} 18. Kh1 $14) 18... Bd6 $11 19. Bxe5 Bxe5 20. Qd2 g4 21. hxg4 Rxg4 22. f4 Bc7 23. Qe3 (23. Rf2 $15) 23... Ke7 $19 24. Rf2 Qg8 $1 25. f5 f6 26. Rb2 $2 (26. Kf1) 26... Be5 27. Rd2 {[#]} Qg7 $2 (27... h3 $1 $19 {[%cal Rg4g2][%mdl 512] and Black stays clearly on top.} 28. Qxh3 Qg7) 28. Nf4 $17 Rg3 29. Rf3 {[#]} Bxf4 $1 30. Qxf4 e5 $36 {[%mdl 2048] Black is in control.} (30... Rg8 $142 31. Bf1 e5) 31. Qe3 {[#]} ({White should try} 31. Rxg3 hxg3 32. Qe3) 31... Rg8 (31... Rxf3 $142 $1 32. Qxf3 Qh6) 32. Qf2 $2 {[%mdl 8192]} (32. Rxg3 $17 Qxg3 33. Qxg3 Rxg3 34. Kf2) 32... Qg4 (32... Qh6 $142 33. Kh1 Rxf3 34. gxf3 Rg3) 33. c5 $2 (33. Re3) 33... Rxf3 {Precision: White = 21%, Black = 70%.} 0-1

[Event "NOR-chT 2018"]
[Site "Bergen"]
[Date "2018.05.11"]
[Round "2"]
[White "Mihajlov, Sebastian"]
[Black "Madland, Kristoffer"]
[Result "0-1"]
[WhiteElo "2392"]
[BlackElo "2130"]
[Annotator "TA"]
[PlyCount "80"]
[EventDate "2018.??.??"]
[EventCountry "NOR"]
[SourceTitle "playchess.com"]
[Source "ChessBase"]
[SourceQuality "1"]

{[%evp 17,80,30,29,32,18,18,20,7,16,-29,-40,-31,-37,-30,0,0,295,2,14,0,70,69,68,58,46,4,39,28,30,6,30,0,0,0,6,0,0,-38,-40,-127,-132,-257,-257,-250,-245,-254,-193,-207,-200,-208,-147,-188,-147,-184,-183,-207,-193,-380,-255,-250,-265,-522,-406,-511,-499]} 1. d4 d5 2. c4 c6 3. Nf3 Nf6 4. e3 e6 5. b3 Nbd7 (5... c5 6. Bb2 cxd4 7. exd4 dxc4 8. bxc4 Qa5+ 9. Nbd2 Ba3 10. Qc1 Bxb2 11. Qxb2 Nc6 12. Be2 Qb4 13. O-O-O {½-½ (57) Short,N (2698)-Duda,J (2706) Heraklio 2017}) 6. Bb2 {D30: Queen's Gambit Declined: Systems without Nc3} b6 7. Nbd2 Bb7 8. Bd3 Bd6 9. O-O O-O {LiveBook: 253 Games} 10. Qc2 c5 11. cxd5 exd5 12. Ne5 $146 ({Predecessor:} 12. dxc5 Nxc5 13. Bxf6 Qxf6 14. Bxh7+ {½-½ (43) Roze,A (2516)-Oreopoulos,K (2497) ICCF email 2015}) 12... h6 13. Bc3 Bxe5 14. dxe5 Ng4 15. Qb2 Nxh2 ({Not} 15... Qh4 $2 16. h3 $18) 16. Kxh2 Qh4+ 17. Kg1 {aiming for Nf3.} d4 $1 18. f4 Qg3 (18... Bxg2 $1 $11 19. Kxg2 Nxe5) 19. Nf3 {Black must now prevent Be1.} dxc3 20. Qxc3 Rad8 21. Rad1 Nb8 {[%cal Bd7b8,Bb8c6,Bc6e7,Be7d5,Bd5c3][%mdl 32]} (21... c4 $5 22. e6 fxe6 23. Bxc4 Kh8 $14) 22. a3 Nc6 23. Qc2 Ne7 24. Be4 Nd5 25. Rde1 Ba8 26. Rf2 Rfe8 27. Rfe2 {[#]} Nc3 $1 {[%mdl 512]} 28. Qxc3 ({White should try} 28. Bh7+ $15 Kh8 29. Rf2) 28... Bxe4 $17 29. Nd2 {[#]} (29. Rf2 $17 {might work better.}) 29... Bxg2 $1 $19 {[%mdl 512] ( -> ...Bf3+)} 30. Nf1 (30. Rxg2 Qxe1+) 30... Bxf1+ $1 31. Kxf1 h5 32. Rg2 Qf3+ 33. Kg1 Re6 {Strongly threatening ...h4.} 34. Kh2 g6 35. Qc4 Qd5 36. Qe2 Qe4 37. Reg1 $2 (37. Rg3) 37... Kh7 38. Rg3 Rd3 39. f5 $2 (39. R1g2 {keeps fighting.}) 39... Qxf5 40. Rf1 {[#]} Rd2 $1 {[%mdl 512] Precision: White = 31%, Black = 49%.} 0-1

[Event "NOR-chT 2018"]
[Site "Bergen"]
[Date "2018.05.11"]
[Round "2"]
[White "Lovik, Lasse Ostebo"]
[Black "Tisdall, Jonathan D"]
[Result "0-1"]
[WhiteElo "2376"]
[BlackElo "2402"]
[Annotator "TA"]
[PlyCount "176"]
[EventDate "2018.??.??"]
[EventCountry "NOR"]
[SourceTitle "playchess.com"]
[Source "ChessBase"]
[SourceQuality "1"]

{[%evp 16,176,54,41,41,34,39,41,40,0,0,-16,-18,-19,-31,-16,2,16,16,-45,-26,-69,-58,-113,-128,-140,-126,-156,-112,-121,-122,-206,-175,-189,-189,-260,-236,-233,-207,-241,-239,-250,-235,-235,-240,-250,-243,-226,-172,-218,-220,-223,-211,-276,-281,-274,-239,-227,-181,-181,-133,-125,-128,-124,-118,-116,-114,-92,-111,-102,-103,-125,-117,-96,-116,-85,-85,-240,-171,-223,-219,-212,-212,-426,-364,-691,-684,-640,-568,-757,-732,-938,-645,-960,-827,-1462,-1325,-1366,-1220,-1388,-1387,-1353,-533,-973,-898,-1974,-1194,-5061,-3574,-1545,-1487,-1382,-1283,-1048,-516,-341,-229,-229,0,0,0,-8,0,0,0,0,0,-29958,-29960,-29963,-29965,-29965,-29967,-29967,-29968,-29968,-29969,-29968,-29970,-29970,-29971,-29971,-29972,-29972,-29973,-29973,-29974,-29974,-29975,-29975,-29976,-29976,-29977,-29977,-29978,-29977,-29979,-29979,-29980,-29980,-29981,-29982,-29982]} 1. d4 e6 2. c4 Nf6 3. g3 d5 4. Nf3 g6 5. Bg2 Bg7 6. O-O O-O 7. Qc2 Nc6 {D77: Fianchetto Grünfeld: 6 0-0: Replies other than 6...c6} 8. Rd1 a5 9. a3 {LiveBook: 3 Games} Ne4 $146 {White is slightly better.} ({Predecessor:} 9... Ne7 10. Nc3 b6 11. Bf4 Bb7 12. cxd5 exd5 13. Rac1 Ne8 14. b4 axb4 15. axb4 {1-0 (30) Matlakov,M (2691)-Lu,S (2595) Ningbo 2015}) 10. Nc3 Nxc3 11. Qxc3 a4 12. Bg5 f6 13. Bf4 g5 14. Be3 Na5 15. Nd2 b6 16. cxd5 exd5 17. Rac1 ({White should play} 17. Qc2 $11) 17... c6 $15 18. Qb4 b5 $1 19. b3 (19. Re1 $15) 19... axb3 $17 20. Nxb3 Nc4 21. Nd2 Re8 22. Nxc4 bxc4 23. Qc5 (23. Ra1 $17) 23... Ra6 $19 24. Qb4 Bf8 $36 {[%mdl 2048] Black is in control.} 25. Qb8 (25. Qe1 $142) 25... Bf5 26. Qxd8 Rxd8 27. Bd2 Bxa3 ({Much less strong is} 27... Rxa3 28. Re1) 28. Ra1 Rda8 {Hoping for ...Bb2.} 29. Bc3 Bd6 30. Rac1 Ra2 31. e4 Be6 ({Resist} 31... dxe4 32. d5 $17) 32. Re1 Kf7 33. Re3 R8a3 34. exd5 Bxd5 35. Bf1 Rb3 36. Be1 Ra4 37. Re2 Rd3 38. Rec2 Rxd4 39. Bc3 Re4 40. Bg2 Re7 41. Bxd5+ cxd5 42. Rd1 Ke6 {Strongly threatening ...Be5.} 43. Re2+ Kd7 $1 44. Red2 Be5 45. Rxd5+ Kc6 46. Be1 $2 (46. Bxe5 $17 {was the only chance.} Rxe5 47. Rd8) 46... Re6 47. Rd7 (47. Kf1 {was worth a try.}) 47... Rd6 48. R7xd6+ Bxd6 {[%mdl 4096] Endgame KRB-KRB} 49. Bc3 $2 (49. h3) 49... Be5 50. Bxe5 $2 (50. Be1) 50... fxe5 {KR-KR} 51. Kf1 Ra2 52. Rd8 Kc5 53. Rd7 h6 54. Ke1 c3 55. Rh7 Kd5 56. Rc7 Kd4 57. Rc6 Kd3 {[%cal Ra2a1]} 58. Rd6+ Ke4 (58... Kc2 $142 59. Rc6 Kb2) 59. Rc6 Kd4 60. h4 g4 61. h5 e4 62. Rc8 Ra5 63. Kd1 Rxh5 64. Kc2 Rf5 (64... e3 $142 65. fxe3+ Kxe3 66. Rxc3+ Kf2) 65. Rd8+ Ke5 66. Re8+ Kd6 $2 ({Better is} 66... Kd5 $1 $19 67. Rd8+ Ke6 68. Re8+ Kf7 69. Rxe4 Rxf2+ 70. Kxc3 Rf3+ 71. Kd2 Rxg3) 67. Kxc3 $11 Rxf2 {And now ...Rf3+ would win.} 68. Kd4 Rf3 69. Rh8 e3 {...e2 is the strong threat.} 70. Rxh6+ Ke7 71. Rh2 $2 {[%mdl 8192]} (71. Kd3 $11) 71... Rxg3 {Black mates.} 72. Re2 Kf6 $1 {[%cal Rf6g5]} 73. Rxe3 Rg1 74. Kd3 Rf1 $1 75. Ke2 Rf4 76. Re8 {[#]} Kg5 $1 {[%cal Rg5h4]} 77. Rh8 g3 78. Ke3 Rf6 79. Rg8+ {[#]} Kh4 $1 {[%cal Rh4h3]} 80. Rh8+ Kg4 81. Rg8+ Kh3 82. Rh8+ Kg2 83. Rg8 Kh2 84. Rh8+ Kg1 85. Ke2 g2 86. Rh7 Re6+ 87. Kd2 Re5 88. Rh8 Kf2 {Precision: White = 37%, Black = 77%.} 0-1

[Event "NOR-chT 2018"]
[Site "Bergen"]
[Date "2018.05.11"]
[Round "2"]
[White "Risting, Eivind Olav"]
[Black "Hammerstad, Asmund"]
[Result "1-0"]
[WhiteElo "2297"]
[BlackElo "2211"]
[Annotator "TA"]
[PlyCount "85"]
[EventDate "2018.??.??"]
[EventCountry "NOR"]
[SourceTitle "playchess.com"]
[Source "ChessBase"]
[SourceQuality "1"]

{[%evp 21,85,43,44,57,125,129,121,146,132,139,202,191,202,201,318,255,256,243,234,178,281,287,897,903,893,893,893,875,856,855,838,822,736,345,304,172,29984,1409,6187,5926,5979,5790,5346,3004,2871,2493,1914,1440,1136,429,29980,29981,29981,29981,29982,29982,29982,29983,29983,29984,29988,29989,29989,29990,29991,29992]} 1. d4 e6 2. c4 Nf6 3. Nc3 Bb4 4. Qc2 c5 5. dxc5 Bxc5 6. Nf3 Qb6 7. e3 Qc7 8. Be2 b6 {E38: Nimzo-Indian: Classical: 4...c5} 9. O-O Bb7 10. a3 a6 11. b4 Be7 {LiveBook: 9 Games} 12. e4 {[%cal Be3e4,Be4e5][%mdl 32]} d5 $146 (12... d6 $14) ({Predecessor:} 12... d6 13. Bf4 Nbd7 14. Rfd1 O-O 15. Qd3 e5 16. Be3 {1-0 (42) Leitao,R (2636)-Sega,C (2218) Praia da Pipa 2014}) 13. cxd5 $16 exd5 14. e5 Ne4 15. Bb2 {[%cal Bc1b2,Bb2c3,Bc3d4][%mdl 32]} Nd7 (15... Nxc3 $16 16. Bxc3 (16. Qxc3 Qxc3 17. Bxc3 O-O $16) 16... O-O) 16. Rac1 $18 Nxc3 17. Bxc3 ({Don't take} 17. Qxc3 Qxc3 18. Rxc3 Bd8 $16) 17... O-O (17... Nf8 {was worth a try.} 18. Nd4 Ne6 19. Nxe6 fxe6) 18. Qf5 Qd8 19. Bd3 {[%csl Gd3][%cal Rf5h7]} g6 20. Qh3 {Strongly threatening Bd4.} Rc8 (20... d4 {was necessary.}) 21. Bd4 Re8 $2 (21... f6 22. e6 Ne5) 22. e6 {Threatening mate with exf7+.} Nf8 23. exf7+ Kxf7 24. Ne5+ Kg8 25. Ng4 {[%cal Rg4h6]} Bg5 26. f4 Rxc1 27. fxg5 (27. Rxc1 $142 Bxf4 28. Qh6 $1 {[%mdl 512]}) 27... Rxf1+ 28. Kxf1 (28. Bxf1 $142 {[%cal Rg4h6]} Nd7 29. Nh6+ Kf8 30. Qf3+ Ke7 31. Qf7+ Kd6 32. Qxh7) 28... h5 $2 (28... Nd7 $18) 29. Qxh5 (29. Nh6+ $142 Kh7 30. Nf7 Kg8 31. Nxd8 Rxd8 {[#]} 32. Bxg6 $1 {[%mdl 512]} Nxg6 33. Qe6+ Kf8 34. Qxg6) 29... Kf7 {[#]} 30. Bxg6+ $1 {[%mdl 512]} Nxg6 31. Qh7+ Ke6 32. Qxg6+ Kd7 33. Nf6+ Ke7 34. Nxe8 Qxe8 35. Qxb6 (35. Qf6+ $142 Kd7 36. g6) 35... Qb5+ (35... Qc6 $18 36. Qa7 Qc1+ 37. Kf2 Qf4+ 38. Ke2 Qe4+ 39. Kd2 Qxg2+ 40. Kc3 Qh3+ 41. Be3 Kf8 42. Qb8+ (42. Qxb7 Qxe3+ 43. Kc2 Qe2+ 44. Kc1 Qe3+ 45. Kc2 Qe2+ 46. Kb3 Qd1+ 47. Kc3 Qc1+ 48. Kd4 Qg1+ 49. Kc3 Qe3+ 50. Kc2 $11) 42... Bc8) 36. Qxb5 {White mates.} axb5 {[%mdl 4096] Endgame KB-KB} 37. Kf2 Ke6 38. g4 Kf7 39. Kg3 Kg6 40. h4 {[%cal Bh2h4,Bh4h5][%mdl 32]} Bc8 41. Kf4 Kf7 42. h5 Kg8 43. g6 {Precision: White = 78%, Black = 36%.} 1-0

[Event "NOR-chT 2018"]
[Site "Bergen"]
[Date "2018.05.11"]
[Round "2"]
[White "Aulin-Jansson, Joran"]
[Black "Storme, Isak"]
[Result "1-0"]
[WhiteElo "2287"]
[BlackElo "2313"]
[Annotator "TA"]
[PlyCount "121"]
[EventDate "2018.??.??"]
[EventCountry "NOR"]
[SourceTitle "playchess.com"]
[Source "ChessBase"]
[SourceQuality "1"]

{[%evp 10,121,0,-26,-26,-21,-18,-18,-33,-29,-33,-31,-33,-119,-115,-77,-42,-41,0,0,42,-35,0,0,-12,-32,0,-110,-17,-12,-16,-16,-10,-160,-139,-176,0,0,0,0,0,0,0,0,0,0,0,0,67,0,0,0,60,51,145,127,134,48,135,131,250,224,255,254,261,248,322,309,380,370,461,378,847,222,214,215,274,274,305,270,270,183,197,191,249,178,248,210,277,265,270,270,386,291,403,389,604,588,542,389,373,373,715,387,1028,829,1016,989,29982,1059,29984,29981,29997,29998]} 1. e4 e5 2. Nf3 Nc6 3. Bb5 a6 4. Bxc6 dxc6 5. Nc3 f6 6. O-O Bg4 {[%cal Bc8g4,Bg4h5,Bh5f7][%mdl 32] C68: Ruy Lopez: Exchange Variation, sidelines} 7. d3 (7. h3 Bh5 8. d4 Bxf3 9. Qxf3 Qxd4 10. Rd1 Qc4 11. b3 Qf7 12. Na4 Bd6 13. Be3 Ne7 14. c4 {½-½ (56) Deviatkin,A (2569)-Sachdev,T (2403) New Delhi 2013}) 7... Bd6 8. h3 Bh5 {The position is equal.} 9. Be3 c5 $146 ({Predecessor:} 9... Ne7 10. Re1 O-O 11. a3 f5 12. exf5 Nxf5 13. g4 Nxe3 14. Rxe3 {0-1 (53) MacGregor,C (1947)-Kolanek,R (2464) ICCF email 2007}) 10. a3 Ne7 11. g4 (11. Nb1 $15) 11... Bf7 $17 12. Nh4 g5 13. Nf5 h5 14. Ng7+ Kf8 15. Nf5 (15. Nxh5 $14 Bxh5 16. gxh5) 15... hxg4 16. hxg4 Nxf5 17. exf5 Kg7 (17... e4 $5) 18. b3 {[#]} (18. Ne4 $11 {keeps the balance.}) 18... Rh3 (18... e4 $1 $17 {[%mdl 512] ( -> ...Rh1+!)} 19. Nxe4 Rh3) 19. Kg2 $1 $11 {[%cal Rg2h3] [#]} e4 $1 {[%mdl 512]} 20. Nxe4 Qh8 {Hoping for ...Rh2+.} 21. Rg1 (21. Nxd6 $11 Rh2+ 22. Kf3 cxd6 23. Ke2) 21... Bd5 $17 22. Kf1 Rxe3 $2 (22... Rd8 $19 23. Qe1 Bh2) 23. fxe3 $11 Qh3+ 24. Kf2 {Threatens to win with Rh1.} Qh4+ $1 25. Kf1 {Qf3 is the strong threat.} Qh3+ 26. Ke2 Bxe4 27. dxe4 Qh2+ $1 28. Kf1 $1 ({But not} 28. Kd3 $2 Rd8 $19) 28... Qh3+ (28... Rh8 $11) 29. Kf2 (29. Rg2 $5 {[%cal Rf1f2]}) 29... Qh4+ $1 30. Kf1 {And now Qf3 would win.} Qh3+ $1 31. Rg2 $1 {Black must now prevent Kf2.} Re8 (31... Be5 $14 32. Rb1 Qxe3) 32. Kf2 $1 $16 Qh4+ 33. Kg1 ({Better is} 33. Ke2 $16) 33... Rh8 (33... Qh3 $1 $14 34. Kf2 Qh4+ 35. Ke2 Rxe4) 34. Kf1 {aiming for e5!} Qh3 (34... Re8 $16 35. Kg1 Rh8) 35. Kf2 $18 Qh4+ 36. Ke2 Qh3 37. Qf1 Re8 38. Qf3 Qh8 39. Rd1 Re5 40. Rd5 Qe8 $2 {[#]} (40... Qh1 41. Rd1 Qh4) 41. Kd3 $2 (41. Rxd6 $1 cxd6 42. Rh2 Qb5+ 43. Kf2) 41... Qb5+ {[#]} 42. Kd2 $1 Qa5+ 43. Ke2 Qxa3 44. Rd2 Qb4 45. Qh3 Qxe4 46. Rh2 {White wants to mate with Qh8+.} Re8 (46... Kf7 $142 47. c4 Ke7) 47. Rh1 ({Much less strong is} 47. Qh6+ $6 Kf7 $16) 47... Kf8 {[#]} (47... b6 $142 48. Kd1 Rg8 49. Qh7+ (49. Qh6+ Kf7 $16) 49... Kf8) 48. Qf3 $1 Qxf3+ 49. Kxf3 {[%mdl 4096] Endgame KRR-KRB} Kg7 50. c4 a5 (50... Rf8 {was worth a try.} 51. Rh3 b6) 51. Ra2 b6 52. Raa1 Re7 (52... Bf8 $142 53. Rh5 Be7) 53. Rh3 Rf7 54. Rah1 {Rh8 would kill now.} Kf8 55. Rh7 Rg7 $2 (55... Rxh7 56. Rxh7 Ke8) 56. Ke4 Kg8 $2 (56... Rxh7 57. Rxh7 c6) 57. Rh8+ Kf7 58. Kd5 Be5 59. Kc6 (59. Rc8 $142 Rg8 60. Rh7+ Rg7 61. Rhh8 Bd6 62. Kc6 a4 63. bxa4 Rg6 64. fxg6+ Kxg6 65. Rxc7 Bxc7 66. Kxc7) 59... Ke7 60. Rc8 Rf7 61. Rhh8 {Precision: White = 54%, Black = 37%.} 1-0

[Event "NOR-chT 2018"]
[Site "Bergen"]
[Date "2018.05.11"]
[Round "2"]
[White "Lindbol, Aleksander"]
[Black "Hauge, Lars Oskar"]
[Result "1-0"]
[WhiteElo "2136"]
[BlackElo "2433"]
[Annotator "TA"]
[PlyCount "85"]
[EventDate "2018.??.??"]
[EventCountry "NOR"]
[SourceTitle "playchess.com"]
[Source "ChessBase"]
[SourceQuality "1"]

{[%evp 23,85,25,28,19,59,56,68,60,83,33,37,18,36,14,34,41,39,27,106,108,108,103,102,35,88,78,151,99,110,113,289,250,238,204,162,183,446,256,259,257,440,424,550,520,471,377,517,479,474,454,541,324,566,486,896,899,875,858,998,964,2444,2405,2126,2022]} 1. c4 g6 2. Nc3 Bg7 3. d4 Nf6 4. e4 d6 5. Nf3 O-O 6. h3 e5 7. d5 a5 8. Bg5 Na6 9. Nd2 Qe8 {E90: King's Indian: Classical: Early deviations and 6 h3} 10. a3 (10. g4 Nd7 11. a3 Nb6 12. Rg1 Bd7 13. Be3 Na4 14. Nb5 N4c5 15. h4 Kh8 16. h5 gxh5 17. gxh5 {0-1 (33) Navara,D (2725)-Saric,I (2652) Tallinn 2016}) 10... Nd7 11. Be2 h6 12. Bh4 Nb6 {LiveBook: 3 Games} 13. b3 c6 $146 ({Predecessor:} 13... f5 14. f3 Bd7 15. Rb1 h5 16. Qc2 Bh6 17. Bf2 Qe7 18. h4 fxe4 19. Ndxe4 {1-0 (37) Moreno Trujillo,A (2488)-Pulvett Marin,D (2465) Madrid 2018}) 14. O-O Bd7 15. Rb1 cxd5 16. Nxd5 ({Much weaker is} 16. exd5 $6 f5 $11) (16. cxd5 {feels hotter.} Nc5 17. f3 f5 18. Bf2 Rc8 19. Nc4) 16... Nxd5 17. cxd5 Nc5 18. Rc1 Qb8 19. b4 $36 {[%mdl 2048] White has some pressure.} axb4 20. axb4 Ba4 (20... Na6 $11) 21. Qe1 $16 Nd7 22. Nc4 Rc8 23. Bg4 (23. Qd2 $16) 23... Ra6 (23... Bb5 $14 24. Bxd7 Bxd7) 24. Qe3 Re8 ({Black should try} 24... g5) 25. Rc3 (25. Rb1 $142 {Strongly threatening b5.} f5 26. exf5) 25... g5 26. Bg3 Bf6 $2 {[#]} (26... Nf6 $16) 27. Ra1 Nf8 28. Na5 Bb5 29. Rac1 {And now Qf3 would win.} Nd7 $2 (29... b6 {might work better.}) 30. Bxd7 (30. Rc7 $142 b6 31. Bxd7 Bxd7 32. Rxd7 bxa5 33. Rcc7) 30... Bxd7 $18 31. Rc7 Ba4 $2 (31... Bc6 {was necessary.}) 32. Rxb7 Qa8 33. Rcc7 Rf8 {intending ...Bd8.} 34. Ra7 Qd8 35. Rxf7 Rxf7 36. Rxa6 Qc8 37. Qb6 Qc1+ (37... Bd8 {keeps fighting.} 38. Qxd6 Rf6) 38. Kh2 {White is clearly winning.} h5 (38... Qc7 $142 39. Qxd6 Kg7) 39. Ra8+ Kg7 40. Qb8 {[#] White threatens Qg8+ and mate.} Kg6 41. Qg8+ Bg7 42. Ra6 Qc7 43. Bxe5 {Precision: White = 70%, Black = 23%.} 1-0